| 000 -LEADER |
| fixed length control field |
00706nam a22001337a 4500 |
| 040 ## - CATALOGING SOURCE |
| Transcribing agency |
rua |
| 082 ## - DEWEY DECIMAL CLASSIFICATION NUMBER |
| Classification number |
AGR MAT 2024 B1-406 Or. |
| 100 ## - MAIN ENTRY--AUTHOR NAME |
| Personal name |
MAT ROSET,ម៉ាត់ រ៉ូសេត |
| 245 ## - TITLE STATEMENT |
| Title |
COMPARE THE USE OF DIFFERENT SUSTRAT IN THE CULTIVATION OF MICROGREEN FOR BEETROOT,ការប្រៀបធៀបការប្រើប្រាស់ប្រភេទស៊ុបស្រ្តាតផ្សេងៗគ្នាសម្រាប់ការដាំបន្លែពន្លកឆៃថាវ |
| 260 ## - PUBLICATION, DISTRIBUTION, ETC. (IMPRINT) |
| Place of publication |
phnom penh |
| Name of publisher |
rua |
| Year of publication |
2024 |
| 300 ## - PHYSICAL DESCRIPTION |
| Number of Pages |
x.27p. |
| Other physical details |
ill. |
| Dimensions |
29cm. |
| 856 ## - ELECTRONIC LOCATION AND ACCESS |
| Uniform Resource Identifier |
https://drive.google.com/file/d/1qrm_jMz3OxWGtBltXdAbDqe8DryHDBh_/view?usp=sharing |
| 942 ## - ADDED ENTRY ELEMENTS (KOHA) |
| Koha item type |
AGR |
| 952 ## - LOCATION AND ITEM INFORMATION (KOHA) |
| Withdrawn status [LOCAL, KOHA] |
0 |
| 952 ## - LOCATION AND ITEM INFORMATION (KOHA) |
| Withdrawn status [LOCAL, KOHA] |
0 |